| 000 | 00500nam a2200169Ia 4500 | ||
|---|---|---|---|
| 003 | 0100 | ||
| 005 | 20150205105953.0 | ||
| 008 | 130303s9999 xx 000 0 und d | ||
| 040 | _cARRUPELIB | ||
| 050 | _aDE80.B7713 1966 | ||
| 100 |
_aBraudel, Fernand _914871 |
||
| 245 | 4 | _aThe Mediterranean and the mediterranean world in the age of Philip II | |
| 260 |
_aNY _bHarper Row Publishers _c1966 |
||
| 300 | _a2vol. 642p. | ||
| 650 |
_aMediterranean region _xHistory _914872 |
||
| 942 |
_2lcc _cMONOGRAPH |
||
| 999 |
_c38587 _d38587 |
||